[Event "Candidates FIDE f2"]
[Site "Sanghi Nagar"]
[Date "1995.??.??"]
[Round "7"]
[White "Kamsky, Gata"]
[Black "Salov, Valery"]
[Result "1/2-1/2"]
[WhiteElo "2710"]
[BlackElo "2715"]
[Annotator "Ftacnik,L"]
[PlyCount "47"]
[EventDate "1995.02.??"]
[EventType "match"]
[EventRounds "7"]
[EventCountry "IND"]
[SourceTitle "CBM 045"]
[Source "ChessBase"]
[SourceDate "1995.04.01"]
[SourceVersion "1"]
[SourceVersionDate "1995.04.01"]
[SourceQuality "1"]

1. d4 Nf6 2. c4 e6 3. Nc3 Bb4 4. e3 O-O 5. Bd3 d5 6. Nf3 c5 7. O-O Nc6 8. a3
Bxc3 9. bxc3 Qc7 10. cxd5 exd5 11. a4 c4 12. Bc2 Re8 (12... Bg4 13. Qe1 Bxf3
14. gxf3 Qd7 15. Qe2 Rfe8 16. Kh1 Qh3 17. Rg1 Nh5 18. e4 Re6 19. Be3 Ne7 20.
Rab1 b6 21. Rg5 Rh6 22. Rg4 Nf6 23. Rg2 Rh5 24. e5 {Azmayparashvili,Z-Vaganian,
R/Manila olm (13.03.1)/1992/0.5 (28)}) 13. Nd2 (13. Ba3 Ne4 (13... Bg4 14. Qe1
Bh5 15. Nh4 Ng4 16. g3 Bg6 17. Nxg6 (17. Bd1 Qd7 18. Nxg6 hxg6 19. Ra2 f5 $6
20. Re2 Nf6 21. f3 Re6 $2 22. Bc2 Rae8 23. g4 $3 fxg4 24. Bxg6 {Kortschnoj,
V-Illescas Cordoba,M/Buenos Aires Najdorf (03)/1993/}) 17... hxg6 18. Qe2 (18.
Qd2 f5 19. Rae1 Nf6 20. f3 Qd7 21. g4 fxg4 22. Bxg6 Ne7 23. Bxe8 Rxe8 24. Bxe7
{Yusupov,A-Lobron,E/Munich SKA (03)/1994/1-0 (58)}) 18... Qd7 19. h3 Nf6 20.
Kh2 Re6 21. f3 Rae8 {Geller,E-Matanovic,A/Bled (07)/1961/0.5 (22)}) 14. Qe1 (
14. Bxe4 Rxe4 15. Nd2 Rh4 16. g3 Rh6 17. f3 Bh3 18. Rf2 Rg6 19. Kh1 Re8 20. e4
dxe4 21. fxe4 Na5 22. Qe2 Nb3 23. Re1 Nxd2 24. Qxd2 {Azmaiparashvili,
Z-Ljubojevic,L/Leon (05)/1994/0.5 (61)}) 14... Re6 (14... Qd8 15. Bxe4 Rxe4 16.
Nd2 Re8 17. f3 Qa5 18. Bb2 b5 19. axb5 Qxb5 20. Ba3 Na5 21. Qe2 Bd7 22. Rfb1
Nb3 23. Nxb3 cxb3 24. Qxb5 {Bannik,A-Averbakh,Y/URS-ch25 Riga/1958/0-1 (57)})
15. Nh4 Qd8 16. f3 Nd2 17. Qxd2 Qxh4 18. e4 Rh6 19. g3 Qd8 20. Rae1 Be6 21. Qd1
Qd7 22. Rf2 f5 23. e5 g5 24. Qb1 {Unzicker,W-Keller,D/Zurich 20/631/1975/1-0 
(38)}) 13... Bg4 14. f3 Bh5 15. Re1 Rad8 (15... Qa5 $5 16. Bb2 Rad8) 16. Nf1
Bg6 17. Ng3 (17. g4 Bxc2 18. Qxc2 h5 $132) 17... Qa5 18. Bd2 a6 19. e4 (19.
Bxg6 hxg6 20. e4 Re6 $13) 19... dxe4 20. fxe4 Nh5 21. Nf1 (21. Nxh5 Bxh5 22.
Qc1 Bg6 $13) 21... Nf6 22. Ng3 Nh5 23. Nf1 Nf6 24. Ng3 1/2-1/2

[Event "Amber-blindfold 04th"]
[Site "Monte Carlo"]
[Date "1995.??.??"]
[Round "5"]
[White "Karpov, Anatoly"]
[Black "Kamsky, Gata"]
[Result "1-0"]
[WhiteElo "2780"]
[BlackElo "2710"]
[PlyCount "107"]
[EventDate "1995.03.??"]
[EventType "tourn (rapid)"]
[EventRounds "11"]
[EventCountry "MNC"]
[EventCategory "18"]
[SourceTitle "CBM 046 Extra"]
[Source "ChessBase"]
[SourceDate "1995.07.01"]
[SourceVersion "1"]
[SourceVersionDate "1995.07.01"]
[SourceQuality "1"]

1. d4 Nf6 2. c4 g6 3. g3 Bg7 4. Bg2 O-O 5. Nc3 d6 6. Nf3 Nbd7 7. O-O e5 8. h3
c6 9. e4 Re8 10. Re1 exd4 11. Nxd4 Qb6 12. Nc2 Ne5 13. b3 Be6 14. Na4 Qc7 15.
Nd4 Rad8 16. Nxe6 Rxe6 17. Qc2 Qe7 18. Ba3 c5 19. Nc3 Nc6 20. Rad1 Nd4 21. Qd3
Qc7 22. Bc1 a6 23. Bd2 Qb8 24. Ne2 Nc6 25. Nf4 Ree8 26. Bc3 b5 27. h4 h5 28.
Bxf6 Bxf6 29. Nxg6 fxg6 30. Qd5+ Kg7 31. Qxc6 Bd4 32. Qxa6 b4 33. Qc6 Qa7 34.
Re2 Re5 35. Rd3 Re7 36. Kh2 Qb8 37. f4 d5 38. e5 dxc4 39. Qf6+ Kg8 40. bxc4 Rg7
41. Be4 Rf8 42. Qg5 Qd8 43. Qh6 Qe7 44. Bd5+ Rff7 45. Qg5 Qxg5 46. hxg5 Kf8 47.
Bxf7 Rxf7 48. e6 Ra7 49. e7+ Ke8 50. g4 hxg4 51. Kg3 Rxe7 52. Rxe7+ Kxe7 53.
Kxg4 Ke6 54. Rh3 1-0

[Event "Amber-rapid 04th"]
[Site "Monte Carlo"]
[Date "1995.??.??"]
[Round "5"]
[White "Kamsky, Gata"]
[Black "Karpov, Anatoly"]
[Result "0-1"]
[WhiteElo "2710"]
[BlackElo "2780"]
[PlyCount "130"]
[EventDate "1995.03.??"]
[EventType "tourn (rapid)"]
[EventRounds "11"]
[EventCountry "MNC"]
[EventCategory "18"]
[SourceTitle "CBM 046 Extra"]
[Source "ChessBase"]
[SourceDate "1995.07.01"]
[SourceVersion "1"]
[SourceVersionDate "1995.07.01"]
[SourceQuality "1"]

1. d4 Nf6 2. c4 e6 3. Nf3 b6 4. a3 Bb7 5. Nc3 d5 6. cxd5 Nxd5 7. Bd2 Nd7 8. Qc2
c5 9. e4 Nxc3 10. Bxc3 cxd4 11. Bxd4 Rc8 12. Bc3 a6 13. Bd3 Be7 14. O-O Bf6 15.
e5 Nxe5 16. Nxe5 Bxe5 17. Bxa6 Bxh2+ 18. Kxh2 Qh4+ 19. Kg1 Bxa6 20. Rfe1 O-O
21. Re3 Rc4 22. Rae1 Rg4 23. f3 Rg6 24. Qf2 Qd8 25. Re4 b5 26. Qd4 Bb7 27. Qxd8
Rxd8 28. Rf4 Rg5 29. Kf2 h6 30. a4 bxa4 31. Rxa4 Bc6 32. Rc4 Bb5 33. Rc7 Rgd5
34. Ra1 R8d7 35. Rxd7 Bxd7 36. Ra8+ Kh7 37. Rd8 Kg6 38. Ke3 f6 39. b4 h5 40.
Bd4 Kf5 41. Rh8 Kg6 42. Rd8 Kf7 43. g3 e5 44. Bc5 Ke6 45. Rh8 Bb5 46. Rxh5 Rd3+
47. Kf2 Rd2+ 48. Kg1 Rd1+ 49. Kf2 Rd2+ 50. Kg1 Bc6 51. f4 Rg2+ 52. Kf1 Rxg3 53.
fxe5 f5 54. Kf2 f4 55. Rh4 Rg2+ 56. Kf1 Kxe5 57. Rh5+ g5 58. Be7 Kf5 59. b5 Bd5
60. b6 f3 61. Bc5 Bc4+ 62. Ke1 Re2+ 63. Kd1 Bb3+ 64. Kc1 Rc2+ 65. Kb1 Rxc5 0-1

[Event "Amber-rapid 04th"]
[Site "Monte Carlo"]
[Date "1995.??.??"]
[Round "7"]
[White "Shirov, Alexei"]
[Black "Kamsky, Gata"]
[Result "1/2-1/2"]
[WhiteElo "2710"]
[BlackElo "2710"]
[PlyCount "60"]
[EventDate "1995.03.??"]
[EventType "tourn (rapid)"]
[EventRounds "11"]
[EventCountry "MNC"]
[EventCategory "18"]
[SourceTitle "CBM 046 Extra"]
[Source "ChessBase"]
[SourceDate "1995.07.01"]
[SourceVersion "1"]
[SourceVersionDate "1995.07.01"]
[SourceQuality "1"]

1. d4 Nf6 2. c4 e6 3. Nc3 Bb4 4. e3 O-O 5. Nge2 d5 6. cxd5 exd5 7. g3 c6 8. Bg2
Bd6 9. O-O Re8 10. f3 c5 11. b3 Nc6 12. Qd2 b6 13. Bb2 Ba6 14. Rfe1 Nb4 15. Bf1
Nd3 16. Reb1 Nxb2 17. Rxb2 Qe7 18. Kf2 Rac8 19. Rc2 h5 20. Nf4 Bxf4 21. gxf4
Bxf1 22. Rxf1 Rc6 23. Rcc1 Qe6 24. Rg1 Qh3 25. Rg2 Qh4+ 26. Kf1 Rce6 27. Re1
Qh3 28. Kf2 Qh4+ 29. Kf1 Qh3 30. Kf2 Qh4+ 1/2-1/2

[Event "PCA-Wch Candidates final"]
[Site "Las Palmas"]
[Date "1995.??.??"]
[Round "1"]
[White "Anand, Viswanathan"]
[Black "Kamsky, Gata"]
[Result "0-1"]
[WhiteElo "2715"]
[BlackElo "2710"]
[Annotator "Anand,V"]
[PlyCount "64"]
[EventDate "1995.03.??"]
[EventType "match"]
[EventRounds "11"]
[EventCountry "ESP"]
[SourceTitle "CBM 046"]
[Source "ChessBase"]
[SourceDate "1995.06.01"]
[SourceVersion "1"]
[SourceVersionDate "1995.06.01"]
[SourceQuality "1"]

1. e4 {Ftacnik Yusupov} e5 2. Nf3 Nc6 3. Bb5 a6 4. Ba4 Nf6 5. O-O Be7 6. Re1 b5
7. Bb3 d6 8. c3 O-O 9. h3 Bb7 10. d4 Re8 11. Nbd2 Bf8 12. a4 h6 13. Bc2 exd4
14. cxd4 Nb4 15. Bb1 g6 16. Ra3 Bg7 17. e5 $1 (17. Rae3 {Ftacnik} c5 18. d5 Nd7
19. b3 (19. h4 c4 20. h5 Nc5 21. hxg6 fxg6 22. Nf1 Ncd3 23. Bxd3 Nxd3 24. Rxd3
$13 {Sulskis,S-Lukacs,P/Budapest FS OctGM (01)/1994/1-0 (62)}) (19. Nf1 Nb6 20.
axb5 axb5 21. h4 Nc4 22. Rb3 Ra1 23. Bd2 Nxb2 24. Qe2 $17 {Ernst,T-Razuvaev,Y/
Reykjavik op (7)/1990/0-1 (35)}) 19... Nb6 20. axb5 axb5 21. Nf1 Na2 22. Bd2 b4
23. Qc2 Nc3 24. Bxc3 $17 {Gruenfeld,Y-Ivanov,A/Chicago/1994/0-1 (54)}) (17. Nh2
{Ftacnik} c5 18. d5 c4 (18... Nd7 19. Ndf3 (19. Ndf1 bxa4 20. Ng4 Kh7 21. Rxa4
Qe7 22. Nfe3 Nb6 23. Ra3 a5 24. Qf3 $40 {Arakhamia,K-Kakhiani,K/Tbilisi/1991/
1-0 (43)}) 19... Nb6 20. axb5 axb5 21. Ng4 Kh7 22. h4 Bc8 23. Nfh2 Bxg4 24.
Nxg4 $40 {Khalifman,A-Gavrilov,A/St.Petersburg op (03)/1994/1-0 (34)}) 19. Ndf1
$6 (19. Rg3 $5 $13) 19... Nd3 $1 20. Bxd3 b4 21. Ra1 cxd3 $13 {Nunn,J-Razuvaev,
Y/Dortmund/1991/1-0 (49)}) 17... dxe5 (17... Nfd5 18. Ne4 $36 (18. Qb3 {Ftacnik
} c5 19. dxc5 dxc5 (19... bxa4 20. Rxa4 dxc5 21. e6 $36) 20. axb5 axb5 21. Rxa8
Qxa8 22. Ne4 (22. e6 $6 c4 23. Qd1 Rxe6 24. Rxe6 fxe6 25. Bxg6 Nf4 $17) 22...
c4 23. Qd1 Rd8 24. Qe2 $13)) 18. dxe5 Nh5 (18... Nfd5 19. Ne4 $16) (18... Nh7
19. Qb3 c5 20. Bxg6 Bd5 21. Bxh7+ $16) 19. axb5 axb5 20. Qb3 (20. Qe2 $5 Bc6 (
20... Nf4 21. Qxb5 Rxa3 22. bxa3 Nbd3 23. Bxd3 Nxd3 24. Qxb7 Nxe1 25. Nxe1 Rxe5
26. Nef3 $16) 21. Ne4 Nd5 $13) 20... c5 (20... Bf8) (20... Qe7 21. e6 $1 (21.
Bxg6 Bd5) 21... Nf4 22. Rxa8 Rxa8 23. exf7+ $18) (20... Nd5 {Ftacnik} 21. Qxb5
$16) 21. Ne4 (21. Bxg6 Bd5 (21... c4 $2 {Ftacnik} 22. Rxa8 Bxa8 23. Qxb4 fxg6
24. Qxb5 $16) 22. Rxa8 Qxa8 23. Be4 Bxb3 24. Bxa8 Rxa8 (24... Nd3 {Ftacnik} 25.
Bc6 Re6 26. Rf1 Rxc6 27. Nxb3 Nxe5) 25. Nxb3 Nd3 26. Rf1 c4 27. Nbd4 b4 $44) (
21. Rxa8 {Ftacnik} Qxa8 22. e6 $6 Bd5 23. exf7+ Kxf7 $17) 21... Bxe5 (21... Bf8
$5 22. g4 $140 c4) (21... Qe7 {Ftacnik} 22. Nd6 $14) (21... Bd5 {Ftacnik} 22.
Rxa8 Qxa8 23. Qe3 $16) 22. Nxc5 $1 (22. Nxe5 Rxe5 23. Qc3 Qd5 (23... Bxe4 24.
Bxe4 Rxa3 25. Qxe5 (25. bxa3 Qe7 26. Bb2 Nc6) 25... Nd3 26. Rd1) 24. g4 f5 25.
gxh5 fxe4 $13) (22. Rxa8 {Ftacnik} Bxa8 (22... Qxa8 $2 23. Nxe5 Rxe5 24. Nf6+
Nxf6 25. Rxe5 Qa1 (25... Bd5 26. Qc3 Qa1 27. Re1 $16) 26. Rxc5 Na6 27. Bxg6 $18
) 23. Nxc5 Bxf3 24. Qxb4 Bc6 25. Bxh6 Bxb2 $5 26. Rxe8+ Bxe8 27. Qxb2 Qd1+ 28.
Kh2 Qd6+ 29. g3 Qxc5 $14) 22... Bxf3 23. Qxf3 Rc8 (23... Rxa3 24. bxa3 Bh2+ 25.
Kf1 Rxe1+ 26. Kxe1 Nd5 (26... Qd4 {Ftacnik} 27. Ne4 $40) 27. Kf1 $16) 24. Ne4
$1 (24. Ra7 Nf6 25. Ne4 Nc6) 24... Kg7 (24... Rxc1 $2 25. Rxc1 Bxb2 26. Ra7 $18
) (24... f5 {Ftacnik} 25. Qb3+ Rc4 26. Bd2 $1 (26. Nd2 Bh2+ 27. Kf1 Rxe1+ 28.
Kxe1 Qe7+ 29. Kd1 Nf4 30. Ra8+ Kh7 31. Qe3 Qd7 $13) 26... fxe4 27. Bxb4 $16)
25. Rd1 Qe7 (25... Qc7 {Ftacnik} 26. Bd2 $14 (26. Be3 $5)) 26. Be3 Red8 (26...
Rc7 27. Nc3 $5) (26... Bxb2 {Ftacnik} 27. Ra7 Rc7 (27... Qe6 28. Nd6 $16) 28.
Bc5 $1 $14) 27. Ra7 Qe6 (27... Rxd1+ 28. Qxd1 Qe6 (28... Rd8 29. Qf3 (29. Qb3
Qe6) 29... Qe6 30. Nc5 Qf6 31. Qxf6+ Kxf6 32. Rd7 $16) (28... Rc7 {Ftacnik} 29.
Bc5 $1) 29. Qd2 $1 $16) (27... Rc7 {Ftacnik} 28. Bc5 $1) 28. Nc5 (28. Rxd8 $1
Rxd8 29. g4 (29. Nc5 $5) 29... Nf6 (29... Nf4 30. Bxf4 (30. Nc5 Qd5) 30... Bxf4
31. Qxf4 Rd1+ 32. Kg2 Nd5 (32... Rxb1 33. Nd6 $1 Qd5+ 34. f3 (34. Qf3 Rg1+)
34... Rxb2+ 35. Kg3 $18 Nd3 36. Ne8+ $18 (36. Rxf7+ Kg8 37. Rf8+ Kh7 38. Rh8+
$1 Kxh8 39. Qxh6+ Kg8 40. Qxg6+ Kf8 41. Qe8+ Kg7 42. Nf5+ $18)) 33. Qf3 Rxb1
34. Nc5) 30. g5 Nxe4 31. gxh6+ Kg8 32. Bxe4 f5 33. Ra8 Rxa8 34. Bxa8 Bxb2 $2
35. Bd2 $18) 28... Rxd1+ (28... Qf6 {Ftacnik} 29. Qxf6+ Kxf6 30. Rdd7 $16) 29.
Qxd1 Qd5 $6 (29... Qd6 30. Qf3 Rc7) 30. Qg4 $1 $16 {/\Qg6} Rc7 (30... Rxc5 $4 {
Ftacnik} 31. Qxg6+ Kf8 32. Bxc5+ $18) 31. Rxc7 Bxc7 32. g3 (32. Bd4+ Kf8 (32...
Kg8 33. Bxg6 $1 (33. Qc8+ Qd8) 33... fxg6 34. Qxg6+ Kf8 35. Ne6+ Ke7 36. Nxc7
$1 Qxd4 37. Qe8+ Kf6 38. Qh8+ Ng7 39. Qxg7+ $1 Kxg7 40. Ne6+ Kf6 41. Nxd4 $18)
(32... Kh7 33. Be4 $1 Qd6 34. Qd7 $1 $16 Qh2+ 35. Kf1 Qh1+ 36. Ke2 Nf4+ 37. Kd2
$18) (32... Nf6 33. Bxg6 fxg6 (33... Be5 34. Bxe5 Qxe5 35. Qxb4 $16) 34. Ne6+
Kf7 35. Nxc7 Nxg4 (35... Qc6 {Ftacnik} 36. Qg3 $16) 36. Nxd5 Nxd5 37. hxg4 $16)
33. Bxg6 $1 (33. Qd7 Qxd7 34. Nxd7+ Ke7) 33... fxg6 34. Ne6+ $16) (32. Bxg6 $5
{Ftacnik} fxg6 (32... Nf6 {Ftacnik} 33. Be4+ $2 Nxg4 34. Bxd5 Nxe3) 33. Ne6+
Kh7 34. Nxc7 $16) 32... Qc4 {(+)} (32... Qc4 {Yusupov} 33. Bd4+ (33. Qxc4 $16)
(33. Qd7 $1 {Ftacnik} Be5 34. b3 Qc3 35. Bxg6 $1 Kxg6 36. Qg4+ Kh7 37. Qxh5 Bg7
38. Qxf7 $18) 33... Nf6 (33... Kh7 34. Bxg6+ fxg6 35. Qd7+ Kg8 36. Qe8+ Kh7 37.
Qh8#) (33... f6 34. Qxg6+ Kf8 35. Qxh5 $18) 34. Bxg6 $1 (34. Qd7 $2 Qxc5 $1)
34... Be5 (34... fxg6 35. Qd7+ Qf7 36. Ne6+ Kg8 37. Qxf7+ Kxf7 38. Nxc7 $18)
35. Bxe5 Qxg4 36. hxg4 Kxg6 37. f3 $16) 0-1

[Event "PCA-Wch Candidates final"]
[Site "Las Palmas"]
[Date "1995.??.??"]
[Round "2"]
[White "Kamsky, Gata"]
[Black "Anand, Viswanathan"]
[Result "1/2-1/2"]
[WhiteElo "2710"]
[BlackElo "2715"]
[Annotator "Anand,V"]
[PlyCount "89"]
[EventDate "1995.03.??"]
[EventType "match"]
[EventRounds "11"]
[EventCountry "ESP"]
[SourceTitle "CBM 046"]
[Source "ChessBase"]
[SourceDate "1995.06.01"]
[SourceVersion "1"]
[SourceVersionDate "1995.06.01"]
[SourceQuality "1"]

1. d4 {Ftacnik} Nf6 2. c4 g6 3. Nc3 d5 4. cxd5 Nxd5 5. e4 Nxc3 6. bxc3 Bg7 7.
Nf3 c5 8. Rb1 O-O 9. Be2 cxd4 10. cxd4 Qa5+ 11. Bd2 Qxa2 12. O-O Bg4 13. Bg5 h6
14. Be3 Nc6 15. d5 Na5 16. Rb4 (16. Bc5 {Ftacnik} Bf6 17. e5 Bxe5 18. h3 Rfd8
$5 (18... Bxf3 19. Bxf3 Rfe8 20. d6 Qc4 21. d7 Qxc5 22. dxe8=Q+ Rxe8 23. Qa4
Nc6 24. Rxb7 $14 {Gelfand,B-Ivanchuk,V/Tilburg/1990/1-0 (62)}) 19. hxg4 Rxd5
20. Bd4 $1 Bxd4 21. Nxd4 Rad8 $1 22. Qc2 $1 Qxc2 23. Nxc2 Rd2 24. Rfd1 $13 {
Strelbin-Nadanian,A/USSR/1991/}) 16... Bxf3 (16... b6 {Ftacnik} 17. e5 $1 Bxf3
$6 18. Bxf3 Rac8 19. d6 $1 exd6 20. exd6 $1 Nc4 21. Bf4 $1 $16 {Lautier,
J-Anand,V/Linares/1994/1-0 (34)}) 17. Bxf3 Nc4 18. Bd4 Nd2 19. Rb2 Nxf3+ 20.
Qxf3 Qa6 21. Bxg7 Kxg7 22. Qc3+ Kg8 23. Qc7 Qd6 $1 $146 (23... Rfe8 24. Rxb7
Qd3 25. Qe5 a5 $4 26. Rxe7 $18 {Vaisser-Anand/Paris/1994}) (23... e6 $5 {
Ftacnik} 24. Rxb7 (24. d6 Rac8 25. Qe7 Rce8 26. Qxb7 Qxd6 27. Qxa7 $10) 24...
exd5 25. exd5 Qd3 26. d6 Rac8 $10) 24. Rxb7 (24. Qxd6 {Ftacnik} exd6 25. Rxb7
a5 $132) 24... Qxc7 25. Rxc7 a5 26. Ra1 (26. Rxe7 Rfb8 $1 (26... a4 {Ftacnik}
27. Rc7 a3 28. Rcc1 (28. Rc2 $2 a2 29. Ra1 Rfb8 30. Rcc1) 28... a2 $132)) 26...
Rfb8 27. h4 (27. Rxe7 a4 28. Rc7 (28. h4 a3 29. Ra2 $2 Rb2) 28... a3 29. h4 (
29. Rcc1 {Ftacnik} a2 $132) 29... a2 30. Rcc1 Rb2 $44) 27... a4 28. Kh2 (28.
Rxe7 a3) 28... Kf8 (28... a3 $1 29. Rc3 (29. Rxe7 a2 30. d6 Kf8 (30... Rb1 31.
d7 Kf8 32. Rxa2 $1) 31. Rc7 Rb1 32. Rxa2 Rxa2 33. Rc8+ Kg7 34. d7 Rd1 35. d8=Q
Rxd8 36. Rxd8 Rxf2 $10) 29... a2 30. Rc2 Rb4 $10) 29. Ra3 (29. Rc3 {Ftacnik}
Rb4 30. f3 f5 $1 $132) 29... Rb3 30. Rxb3 (30. Ra2 {Ftacnik} a3) 30... axb3 31.
Rb7 Ra4 $10 32. f3 f5 33. exf5 Rxh4+ $1 (33... gxf5 34. Kg3 Rd4 35. Rxb3 Rxd5
36. Rb6) 34. Kg3 Rh5 35. fxg6 (35. Rxb3 {Ftacnik} Rxf5 $10) 35... Rg5+ (35...
Rxd5 $1 36. f4 Kg7 37. Rxe7+ Kxg6 $10) 36. Kh4 (36. Kf4 Rxd5 $1 (36... Rxg2 $4
37. d6 exd6 38. Kf5 $18)) 36... Rxd5 (36... Rxg2 $4 37. d6 (37. Rxb3 {Ftacnik}
Rxg6 $10) 37... exd6 38. Kh5 Rh2+ 39. Kg4 $18) 37. g4 (37. Rxb3 {Ftacnik} Rg5
38. g4 Rxg6 $10) 37... Rg5 38. f4 (38. Rb6 {Ftacnik} b2 39. Rxb2 Rxg6) 38...
Rxg6 39. f5 Rd6 40. Rxb3 Kf7 (40... e6 {Ftacnik} 41. f6 Kf7 42. Kh5 e5 43. Rb7+
Kxf6 44. Kxh6 e4 45. g5+ Kf5+ $10) 41. Kh5 Ra6 42. Re3 Rd6 43. Re6 Rxe6 44.
fxe6+ Kg7 (44... Kxe6 {Ftacnik} 45. Kxh6 (45. Kg6 Kd7 46. Kxh6 e5 47. g5 e4 $10
) 45... Kf7) 45. g5 1/2-1/2

[Event "PCA-Wch Candidates final"]
[Site "Las Palmas"]
[Date "1995.??.??"]
[Round "3"]
[White "Anand, Viswanathan"]
[Black "Kamsky, Gata"]
[Result "1-0"]
[WhiteElo "2715"]
[BlackElo "2710"]
[Annotator "Anand,V"]
[PlyCount "115"]
[EventDate "1995.03.??"]
[EventType "match"]
[EventRounds "11"]
[EventCountry "ESP"]
[SourceTitle "CBM 046"]
[Source "ChessBase"]
[SourceDate "1995.06.01"]
[SourceVersion "1"]
[SourceVersionDate "1995.06.01"]
[SourceQuality "1"]

1. e4 {Ftacnik Yusupov} e5 2. Nf3 Nc6 3. Bb5 a6 4. Ba4 Nf6 5. O-O b5 6. Bb3 Bb7
7. Re1 Bc5 8. c3 d6 9. d4 Bb6 10. Be3 O-O (10... Nxe4 $2 {Ftacnik} 11. d5 $18)
11. Nbd2 h6 12. h3 Qb8 (12... Nd7 {Ftacnik} 13. a3 Ne7 14. Ba2 Kh8 15. b4 a5
16. Qc2 $6 axb4 17. axb4 f5 18. dxe5 Bxe3 19. Rxe3 Nxe5 20. Nxe5 dxe5 21. Rae1
$6 Ra6 $1 22. exf5 $2 Nxf5 23. Rxe5 Nh4 $19 {Short,N-Kamsky,G/Linares (m/6)/
1994/0-1 (45)}) (12... exd4 {Ftacnik} 13. cxd4 Nb4 14. Qb1 c5 15. a3 Nc6 16. d5
$1 Ne7 17. Bc2 $5 Nd7 18. Bf4 c4 $1 19. Nf1 f5 20. exf5 Nxd5 21. Bg3 N5f6 22.
Qd1 Bxf3 $1 23. Qxf3 d5 $13 {Kruszynski,W-Kishnev,S/Deutschland/1993/0-1 (53)})
(12... Qd7 {Ftacnik} 13. Bc2 Rae8 14. d5 Ne7 15. Bxb6 cxb6 16. Bd3 Ng6 17. a4
Nf4 18. Bf1 bxa4 19. Qxa4 b5 20. Qb4 Rb8 21. c4 bxc4 22. Qxc4 Ne8 23. Qa4 Qxa4
24. Rxa4 {Kuczynski,R-Polaczek,R/Saint John op-2/1988/0-1 (46)}) (12... Re8 {
Ftacnik} 13. d5 (13. Qb1 Nb8 14. dxe5 dxe5 15. Bxb6 cxb6 16. a4 bxa4 17. Bxa4
Nbd7 18. Qa2 Qc7 19. Bxd7 Qxd7 20. Nc4 Qc7 21. Qb3 b5 22. Ncd2 Rac8 23. Qb4 Nh5
24. Nf1 {Yermolinsky,A-Malaniuk,V/URS-FL Sverdlovsk/1987/0-1 (49)}) 13... Ne7
14. Bxb6 cxb6 15. Bc2 $1 Ng6 16. Bd3 Rc8 $5 (16... Nf4 17. Bf1 Qd7 18. Kh2 Nh7
19. g3 Ng6 20. a4 bxa4 21. Qxa4 b5 22. Qc2 Rf8 23. c4 Ne7 24. cxb5 {
Lhagvasuren,C-Hashim,A/Manila olm/1992/0.5 (50)}) 17. Rc1 Nd7 18. b4 Qe7 $2 (
18... f5 $1 19. exf5 Nf4 $10) 19. g3 Rc7 20. Nf1 Nf6 21. Ne3 Bc8 22. Kh2 Bd7
23. Re2 Rec8 24. Rec2 {Ljubojevic,L-Gulko,B/Reggio Top 15/1991/1-0 (67)}) 13.
d5 Ne7 14. Bxb6 cxb6 15. Bc2 (15. a4 bxa4 16. Bxa4 Qd8) 15... Nd7 16. Nh4 $3 {
It is imperative to stop f5. Had Black played 12...Re8 (the main line) instead
of 12...Qb8 then f5 wouldn't be an immediate threat. The point of Gata's
novelty (12...Qb8) is to leave the R on f8 since it is better placed to
execute f5. The Q on b8 doesn't X-ray h4 from b8 and this is the other
difference between the Re8 and Qb8.} Qd8 (16... f5 {Ftacnik} 17. Nxf5 Nxf5 18.
exf5 Bxd5 19. Ne4 $16) 17. Nf1 $1 {White can hardly play moves like g2-g3.} g5
$2 (17... Nxd5 18. Nf5 {This variation helps us to find the best move (17...
b4!).} Ne7 (18... N5f6 {Ftacnik} 19. Nxd6 $14) 19. Nxd6 Bc6 $14) (17... b4 $1
18. cxb4 Nxd5 19. Ng6 $1 (19. Nf5 Nxb4 20. Nxd6 Nxc2 21. Qxc2 $14 {Yusupov})
19... fxg6 20. Bb3 $14) 18. Nf3 $1 {I spent 20 minutes on this move - till I
found I could reach the position after move 23 almost by force!} (18. Nf5 Nxf5
19. exf5 Nf6 {Tempting, but the position becomes too closed for my comfort and
Gata was building a house in Manhattan with all the free points he had been
getting from me around this time. So I was more careful now!} 20. Be4 (20. Ne3
$14) 20... Rc8 21. f3 Rc5 22. Ne3 Kg7) 18... f5 (18... Kg7 19. Ne3 $16) 19.
exf5 Nxf5 20. N3h2 $1 Qf6 $8 (20... Ne7 $2 21. Ne3 $16) 21. Ng4 Qg7 22. Nge3 $1
(22. Nfe3 Ne7) 22... Nxe3 (22... Ne7 23. Ng3) 23. Nxe3 Rf4 $1 {Black is
holding his position together by the barest of threads, but with his last move
he is beginning to defend his weaknesses. When he plays Raf8 the doubled Rs
will cover the f-file. If there were only one of them then 24.Bf5 would win on
the spot but now it is met by Raf8. So....} (23... Rf6 24. Qh5 Qf7 25. Qe2 $16)
24. a4 $3 (24. Bf5 Rf8 25. Be6+ Kh8) (24. Nf5 Qf6) (24. g3 Rf6 25. Bf5 Raf8)
24... Raf8 (24... bxa4 25. Rxa4 (25. g3 {Ftacnik} Rf7 26. Rxa4 Raf8 27. Re2 {
/\ h4}) 25... Raf8 (25... Rxa4 26. Bxa4 b5 27. Bc2 Nf6 28. b3 {/\c4+/-}) 26.
Rxf4 Rxf4 (26... gxf4 27. Nf5 Qf6 28. Qh5 $18) (26... exf4 27. Nf5 Qf6 28. Re6)
27. Bf5 $1 {[%cal Gg2g3] And Black has no defence against g2-g3}) (24... b4 25.
g3 Rff8 26. cxb4 $18) 25. axb5 a5 (25... Rxf2 {Ftacnik} 26. bxa6 Ba8 27. Rf1
Qf7 28. Qe1 $16) 26. Rf1 Bc8 27. g3 R4f7 (27... Nf6 28. Kh2 $1 {Simpler} (28.
gxf4 gxf4+ 29. Kh2 fxe3 30. fxe3 $1 (30. Rg1 Ng4+ $1) 30... Qg5 31. Ra4 $3 (31.
Rg1 Ng4+ 32. Rxg4 Bxg4 33. Qxg4 Qxg4 34. hxg4 Rf2+ 35. Kg3 Rxc2))) 28. b4 (28.
Be4 $5 Nc5 29. Bg2 e4 30. Nc4 $1 $16) 28... e4 (28... axb4 {Ftacnik} 29. cxb4
Nb8 30. Qh5 $18) 29. Bxe4 Ne5 (29... Qxc3 {Ftacnik} 30. bxa5 bxa5 31. Nf5 $1
Qf6 (31... Rxf5 $2 32. Bxf5 Rxf5 33. Rc1 $18) 32. Qh5 Rh7 33. f4 $18) 30. Bg2
axb4 31. cxb4 Nf3+ 32. Bxf3 Rxf3 33. Ra8 Bxh3 (33... Qb7 34. Qa1 $1 {/\ Ra7})
34. Qxf3 Rxa8 35. Rc1 Rf8 (35... Qb2 {Ftacnik} 36. Rc2 $16) 36. Qe2 Bd7 37. Rc7
Rf7 38. Rb7 Qa1+ 39. Nf1 (39. Kh2 {Ftacnik} Qf6) 39... Kg7 (39... Qa8 {Ftacnik}
40. Rxb6 Qxd5 41. Qd2 Qxd2 42. Nxd2 $18) 40. Rxb6 Qd4 41. Rb8 (41. Rxd6 Bxb5
42. Qc2 Bd3 43. Qd2 $16) 41... Qxb4 (41... Qxd5 {Ftacnik} 42. Qb2+ Qe5 (42...
Rf6 43. Rf8 $1 Qe5 44. Qxe5 dxe5 45. Rxf6 Kxf6 46. b6 Bc6 47. Ne3 Ke7 48. Nc4
$18) 43. Qxe5+ dxe5 44. Ne3 $18) 42. Ne3 h5 43. b6 (43. Qxh5 $2 {Ftacnik} Qe1+
44. Kh2 Rxf2+ 45. Ng2 Rxg2+ $1 46. Kxg2 Qd2+ 47. Kf1 Qc1+ 48. Ke2 Qc4+ $132)
43... h4 (43... Bb5 44. Nf5+ $1 $18) 44. g4 {Dieser Bauernzug ist der Start
einer großen Karriere.} Bb5 45. Qd1 (45. Nf5+ Kh7 46. Qd1) 45... Qb2 46. Nf5+
Rxf5 (46... Kh7 {Ftacnik} 47. Qd4 Qxd4 48. Nxd4 Ba6 49. Ne6 Rb7 50. Nxg5+ $18)
47. gxf5 Be2 48. Qa4 {Unnecessarily complicating matters} (48. Qe1 $1 h3 49.
Re8 $18) 48... Bf3 (48... Qb1+ {Ftacnik} 49. Kh2 Qxf5 50. Qd4+ Kf7 51. b7 $18)
49. Qd7+ (49. f6+ Qxf6) 49... Kh6 50. Qe6+ Kh5 51. Qe8+ $1 (51. Qe1 Qd4) 51...
Kg4 52. Qe1 Bxd5 53. Re8 Bf3 (53... Qxb6 54. Qd1+ Bf3 55. Re4+) (53... Kxf5 {
Ftacnik} 54. Rf8+ Kg6 55. Qe8+ Kg7 56. Kh2 $18) 54. f6 {You can only run away
from an avalanche, not stop it. A lion can only eat one deer a day.} Kh5 (54...
Qxf6 {Ftacnik} 55. Qe6+ Qxe6 56. Rxe6 $18) 55. f7 Qd4 56. Re4 Qf6 (56... Bxe4 {
Ftacnik} 57. f8=Q $18) 57. b7 Bxe4 58. Qxe4 {Gata had seen enough.} (58. Qd1+ {
Much more elegant - White loses all his original peices but...} Bf3 59. b8=Q
Bxd1 60. f8=Q {His daughters take over!}) (58. Qxe4 {Ftacnik} Qa1+ 59. Kh2 Qf6
60. Kh3 $18) 1-0